Cestovní informátor 2012 Česká republika : autoatlas

Bibliographic Details
Format: Book
Language:Czech
English
German
Polish
Dutch
Published: Vrútky Jozef Čurilla - JOMA 2011
Edition:[1. vyd.]
Subjects:

MARC

LEADER 00000cam a2200000 a 4500
001 vtls010472409
003 SK-MaSNL
005 20260301214404.0
008 200318s2011 xo iboeg f 001 0 cze
015 |a SNBE2013 
020 |a 9788089449057 (viaz.) 
035 |a F6793654-3442-4AD0-91E1-228070113541 
035 |a urn:nbn:sk:snk-amldzk 
035 |a urn:nbn:sk:snk-am008zjm 
040 |a SNK  |b slo  |c SNK  |e AACR2 
041 0 |a cze  |a eng  |a ger  |a pol  |a dut 
043 |a e-xr--- 
044 |a xo  |c SK 
072 7 |a 913(437)  |x Geografia Česka a Slovenska, reálie, cestovanie  |2 konspekt 
080 |a 913:338.483.1  |2 2001 
080 |a 502.2:338.483.11  |2 2001 
080 |a 796.57  |2 2001 
080 |a 908(437.3)  |2 2001 
080 |a (036)913  |2 2001 
080 |a (084.4)  |2 2001 
245 0 0 |a Cestovní informátor 2012  |b Česká republika : autoatlas 
246 1 4 |a The Travel Informer 2012 
246 1 1 |a Informator turystyczny 2012 
246 1 1 |a Reisinformant 2012 
246 1 4 |a Der Reiseführer 2012 
246 3 0 |a Česká republika 
246 3 0 |a Autoatlas 
246 3 0 |a Cestovní informátor 2012 Česká republika 
250 |a [1. vyd.] 
260 |a Vrútky  |b Jozef Čurilla - JOMA  |c 2011 
300 |a 208 s.  |b erby, fotogr., mapy, plány  |c 25 cm 
500 |a Čiast. text angl., nem., poľ. a holand. 
500 |a Obsahuje: Kartografie Praha (firma) - Autoatlas Česká republika. 5. vyd. Mierka 1:200 000. 1 atlas (176 s.) 
500 |a Obsahuje Průjezdní mapa České republiky 1:1 600 000, průjezdní plány mĕst 1:70 000, administrativní dĕlení České republiky, placené úseky silnic, mapa a tabulka vzdáleností 
504 |a Register 
650 0 7 |a turistické zaujímavosti  |2 SNKPH  |9 73869 
650 0 7 |a prírodné zaujímavosti  |2 SNKPH  |9 67558 
650 0 7 |a mototuristika  |2 SNKPH  |9 3262 
650 0 7 |a Tourist sights  |2 SNKPHeng  |9 296885 
650 0 7 |a Natural sights  |2 SNKPHeng  |9 276256 
650 0 7 |a Mototouring  |2 SNKPHeng  |9 329151 
651 7 |a Česko  |x vlastiveda  |2 SNKPH  |9 329152 
651 7 |a Czechia  |x description and travel  |2 SNKPHeng  |9 329153 
655 7 |a autoatlasy  |2 SNKPH  |9 70658 
655 7 |a turistickí sprievodcovia (publikácie)  |2 SNKPH  |9 191298 
655 7 |a Tourist guidebooks  |2 SNKPHeng  |9 291226 
655 7 |a Road atlases  |2 SNKPHeng  |9 282595 
919 |a 978-80-89449-05-7 
958 |a OND 
958 |a CZ 
999 |c 924621  |d 926551 
952 |a SNK  |b SNK  |y PREZ  |7 0  |p 17A1057598  |o snkSC 143049/2012  |i snk2012/24034  |8 0  |0 0  |1 0  |4 0  |d 2012-11-22  |l 0  |r 2025-07-10 00:00:00  |w 2026-02-24 
952 |a SNK  |b SNK  |y VYP  |7 0  |p 17A1057597  |o snkSC 143049/2012 D1  |i snk2012/24035  |8 0  |0 0  |1 0  |4 0  |d 2012-11-22  |f 1  |l 0  |r 2026-02-24 08:28:25  |w 2026-02-24